| 000 | 00576 a2200193 4500 | ||
|---|---|---|---|
| 005 | 20260401123018.0 | ||
| 008 | 260401b |||||||| |||| 00| 0 eng d | ||
| 020 |
_a9789371260992 _cRs. 315.00 |
||
| 040 | _aMAIN | ||
| 082 |
_a344.5401 _bT199B |
||
| 100 | _aTaxmann Bare Act | ||
| 245 | _aBuilding and other construction workers' (Regulation of employment and conditions of service) act 1996 with rules | ||
| 260 |
_bTaxmann Publications _c2025 _aNew Delhi |
||
| 300 | _av. | ||
| 650 | _aLaw | ||
| 650 | _aLabor Welfare Law | ||
| 650 | _aLabor Conditions | ||
| 942 | _cBK | ||
| 999 |
_c396341 _d396341 |
||